LEADER 01271cam0-22003251i-450- 001 990004777340403321 005 20140220151934.0 035 $a000477734 035 $aFED01000477734 035 $a(Aleph)000477734FED01 035 $a000477734 100 $a19990604d1711----km-y0itay50------ba 101 0 $alat 102 $aNL 140 $aa-------------------bb0----- 200 1 $aDe fluminibus, fontibus, lacubus, nemoribus, paludibus, montibus, gentibus, quorum apud poëtas mentio fit ex recensione Francisci Hesselii cum ejusdem adnotationibus$fVibius Sequester$gex recensione Francisci Hesselii cum eiusdem adnotationibus 210 $aRoterodami$capud Arnoldum Willis bibliopolam$d1711 215 $a[60], 295, [1] p.$d18 cm 610 0 $aIdrografia$aSec. 4. 676 $a610.9$v22$zita 676 $a870$v22$zita 700 1$aVibius :$cSequester$0386113 702 1$aHessell,$bFranz 801 0$aIT$bUNINA$gRICA$2UNIMARC 901 $aAQ 912 $a990004777340403321 952 $aSG 870 A/99$bR. Bibl. 3489/1558$fFLFBC 959 $aFLFBC 996 $aDe fluminibus, fontibus, lacubus, nemoribus, paludibus, montibus, gentibus, quorum apud poëtas mentio fit ex recensione Francisci Hesselii cum ejusdem adnotationibus$9559855 997 $aUNINA LEADER 01218nam a2200289 i 4500 001 991001177539707536 005 20020502184705.0 008 940419s1992 it ||| | eng 035 $ab11474853-39ule_inst 035 $aPRUMB56258$9ExL 040 $aScuola per assistenti sociali$bita 041 0 $aengita 082 0 $a305.235 100 1 $aTomasi, Luigi$0128370 245 12$aI giovani non europei ed il processo d'integrazione :$bper una cultura della tolleranza /$csaggi di Luigi Tomasi ... [et al.] = Non-european youth and the process of integration :$bfor a tolerant society /$cpapers by Luigi Tomasi ... [et al.] 260 $a[Trento] :$bReverdito,$c1992 300 $a393 p. ;$c24 cm. 490 0 $aSociologia Rev ;$v4 500 $aTesto in italiano e inglese. 650 4$aEuropa - Immigrazione 650 4$aGiovani immigrati - Integrazione 907 $a.b11474853$b01-03-17$c01-07-02 912 $a991001177539707536 945 $aLE024 SOC/B SR V 8$g1$i2021000200311$lle021$nex DUSS$o-$pE0.00$q-$rl$s- $t0$u2$v1$w2$x0$y.i1166471x$z01-07-02 996 $aGiovani non europei ed il processo d'integrazione$9811769 997 $aUNISALENTO 998 $ale021$b01-01-94$cm$da $e-$feng$git $h2$i1 LEADER 04199nam 22006135u 450 001 9910157467803321 005 20211006144827.0 010 $a9783318035056 010 $a331803505X 035 $a(CKB)3780000000101290 035 $a(OCoLC)1046110057 035 $a(SZ-BaSKA)218038 035 $a(MiAaPQ)EBC31867248 035 $a(Au-PeEL)EBL31867248 035 $a(EXLCZ)993780000000101290 100 $a20211006d1970 uy 0 101 0 $aeng 135 $aurunu||||| 181 $ctxt$2rdacontent 182 $cc$2rdamedia 183 $acr$2rdacarrier 200 10$aComparative Leukemia Research 1969 : $e4th Inernational Symposium, Cherry Hill, N.J., September 1969: Proceedings / $f editor, R.M. Dutcher 205 $a1st ed. 210 $aBasel : $cS. Karger, $d1970 215 $a1 online resource (XXIV + 800 pages) : $c 272 figures, 153 tables 225 1 $aIssn Series 311 08$a9783805511605 311 08$a3805511604 327 $a978-3-8055-1160-5_Cover -- 978-3-8055-1160-5_00I -- 978-3-8055-1160-5_001 -- 978-3-8055-1160-5_011 -- 978-3-8055-1160-5_022 -- 978-3-8055-1160-5_045 -- 978-3-8055-1160-5_062 -- 978-3-8055-1160-5_083 -- 978-3-8055-1160-5_096 -- 978-3-8055-1160-5_106 -- 978-3-8055-1160-5_113 -- 978-3-8055-1160-5_126 -- 978-3-8055-1160-5_140 -- 978-3-8055-1160-5_144 -- 978-3-8055-1160-5_148 -- 978-3-8055-1160-5_153 -- 978-3-8055-1160-5_168 -- 978-3-8055-1160-5_183 -- 978-3-8055-1160-5_192 -- 978-3-8055-1160-5_198 -- 978-3-8055-1160-5_210 -- 978-3-8055-1160-5_213 -- 978-3-8055-1160-5_221 -- 978-3-8055-1160-5_234 -- 978-3-8055-1160-5_240 -- 978-3-8055-1160-5_246 -- 978-3-8055-1160-5_250 -- 978-3-8055-1160-5_257 -- 978-3-8055-1160-5_261 -- 978-3-8055-1160-5_267 -- 978-3-8055-1160-5_278 -- 978-3-8055-1160-5_293 -- 978-3-8055-1160-5_304 -- 978-3-8055-1160-5_312 -- 978-3-8055-1160-5_323 -- 978-3-8055-1160-5_327 -- 978-3-8055-1160-5_333 -- 978-3-8055-1160-5_343 -- 978-3-8055-1160-5_355 -- 978-3-8055-1160-5_368 -- 978-3-8055-1160-5_379 -- 978-3-8055-1160-5_387 -- 978-3-8055-1160-5_393 -- 978-3-8055-1160-5_401 -- 978-3-8055-1160-5_403 -- 978-3-8055-1160-5_416 -- 978-3-8055-1160-5_425 -- 978-3-8055-1160-5_430 -- 978-3-8055-1160-5_440 -- 978-3-8055-1160-5_446 -- 978-3-8055-1160-5_453 -- 978-3-8055-1160-5_465 -- J:\PUB_ARCHIV\SERIES\z_Retrodigitalisierung_Kapitel\978-3-8055-1160-5\978-3-8055-1160-5_465.txt -- 978-3-8055-1160-5_471 -- 978-3-8055-1160-5_476 -- 978-3-8055-1160-5_493 -- 978-3-8055-1160-5_500 -- 978-3-8055-1160-5_504 -- 978-3-8055-1160-5_518 -- 978-3-8055-1160-5_527 -- 978-3-8055-1160-5_537 -- 978-3-8055-1160-5_544 -- 978-3-8055-1160-5_548 -- 978-3-8055-1160-5_555 -- 978-3-8055-1160-5_559 -- 978-3-8055-1160-5_566 -- 978-3-8055-1160-5_574 -- 978-3-8055-1160-5_578 -- 978-3-8055-1160-5_584 -- 978-3-8055-1160-5_593 -- 978-3-8055-1160-5_600 -- 978-3-8055-1160-5_610. 327 $a978-3-8055-1160-5_618 -- 978-3-8055-1160-5_624 -- 978-3-8055-1160-5_634 -- 978-3-8055-1160-5_638 -- 978-3-8055-1160-5_640 -- 978-3-8055-1160-5_642 -- 978-3-8055-1160-5_643 -- 978-3-8055-1160-5_644 -- 978-3-8055-1160-5_646 -- 978-3-8055-1160-5_647 -- 978-3-8055-1160-5_648 -- 978-3-8055-1160-5_649 -- 978-3-8055-1160-5_654 -- 978-3-8055-1160-5_659 -- 978-3-8055-1160-5_678 -- 978-3-8055-1160-5_689 -- 978-3-8055-1160-5_701 -- 978-3-8055-1160-5_706 -- 978-3-8055-1160-5_714 -- 978-3-8055-1160-5_715 -- 978-3-8055-1160-5_722 -- 978-3-8055-1160-5_739 -- 978-3-8055-1160-5_751 -- 978-3-8055-1160-5_754 -- 978-3-8055-1160-5_761 -- 978-3-8055-1160-5_773 -- 978-3-8055-1160-5_775. 410 0$aIssn Series 606 $aHematology 606 $aAllergy 606 $aImmunology 606 $aInfectious Diseases 606 $aAnatomy 606 $aCytology 606 $aEmbryology 606 $aHistology 615 14$aHematology 615 14$aAllergy 615 14$aImmunology 615 14$aInfectious Diseases 615 24$aAnatomy 615 24$aCytology 615 24$aEmbryology 615 24$aHistology 700 $aDutcher$b R.M$01216610 801 0$bUKSKG 801 1$bUKSKG 906 $aBOOK 912 $a9910157467803321 996 $aComparative Leukemia Research 1969$92812876 997 $aUNINA